Physical geology : the structure and the processes of the aerth

Αποθηκεύτηκε σε:
Λεπτομέρειες βιβλιογραφικής εγγραφής
Άλλοι συγγραφείς: Burchfiel, B. C., 1934-
Μορφή: Βιβλίο
Γλώσσα:English
Δημοσίευση: Columbus : Charles E. Merrill Publishing Co., c1982
Θέματα:
Ετικέτες: Προσθήκη ετικέτας
Δεν υπάρχουν, Καταχωρήστε ετικέτα πρώτοι!

MARC

LEADER 00000cam a2200000 i 4500
001 1/44128
008 031031s1982 eng d
020 |a 0-675-09913-7 
035 |l 10071488 
040 |a GR-MY-UA  |b gre  |e aacr 
041 0 |a eng 
082 0 |a 551  |2 (21) 
245 0 0 |a Physical geology :  |b the structure and the processes of the aerth /  |c B. Clarck Burchfiel...[et al.] 
260 |a Columbus :   |b Charles E. Merrill Publishing Co.,   |c c1982 
300 |a xiii, 501 σ.;  |b εικ.;  |c 30 εκ. 
504 |a Περιέχει ευρετήριο 
650 0 0 |a Physical geography. 
700 1 |a Burchfiel, B. C.,   |d 1934- 
852 |a INST  |b LESVOS  |e 20031031  |h 551 PHY  |p 005100024782  |q 005100024782  |t BK  |y 0 
901 |a BIBL1-2003-3 
909 |a Λ  |b 103452 
920 |a ΜΟΥΣΟΥΡΙΔΗΣ  |b Α.  |y ΛΕΣΒΟΣ  |z 2003-01 
970 |a ΤΖΑΦΕΡΗ  |b ΕΥΑΓΓΕΛΙΑ  |z 2003/10/31